000 00880nam a2200277Ia 4500
003 GCL
008 140319s9999 xx 000 0 ara d
040 _aGCL /
_cGCL
082 0 4 _aق
_b920.71
_bع ى
100 1 _aعبدالفتاح الديدى
245 1 0 _aينابيع الفكر المصرى المعاصر /
_cعبدالفتاح الديدى
260 _a[S.N] :
_bمكتبة الانجلوالمصرية ،
_c1982
300 _a318 ص
490 _a
650 0 4 _aمصر
650 0 4 _aجمال الدين الافغانى
650 0 4 _aالاداب
650 0 4 _aالحياة الثقافية
650 0 4 _aرفاعة الطهطاوى
650 0 4 _aعباس محمود العقاد
650 0 4 _aالاستشراق
650 0 4 _aطه حسين
650 0 4 _aزكى نجيب محمود
650 0 4 _aعبدالرحمن الجبرتى
942 _2ddc
_cBK
999 _c37132
_d37132